| 000 | 01744cam a2200433 4500 | ||
|---|---|---|---|
| 003 | PE-LiUPU | ||
| 005 | 20250731173503.0 | ||
| 020 | _a0800624580 | ||
| 035 | _a(Sirsi) i9780800624583 | ||
| 035 | _a(Sirsi) 17229 | ||
| 035 | _a(Sirsi) 17229 | ||
| 041 | _aen | ||
| 044 | _aus | ||
| 082 | 0 | 4 |
_a232.09015 _bD16 |
| 100 | 1 | _aDahl, Nils Alstrup | |
| 245 |
_aJesus The Christ The Historical Origins of Christological Doctrine / _cNils Alstrup Dahl ; edited by Donald H. Juel. |
||
| 264 | 1 |
_aMinneapolis : _bFortress Press, _c1991 |
|
| 300 |
_a243 páginas ; _c23 cm. |
||
| 505 | 0 | _aThe Messiahship of Jesus in Paul -- The Crucicfied Messiah -- Eschatology and Histry in Light of the Qumran Texts -- The Crucified Messiah and the Endangered Promises -- The Problem of the Historical Jesus -- Sources of Christological Language -- The Atonement: An Adequate Reward for the Akedah? -- The Negleccted Factor in New Testament Theology -- Trinitarian Baptismal Creeds and New Testament Christology. | |
| 526 | _aSEG42 | ||
| 526 | _aSEG41 | ||
| 526 | _aSEG40 | ||
| 526 | _aSEG39 | ||
| 526 | _aP94 | ||
| 526 | _aP87 | ||
| 526 | _aP86 | ||
| 526 | _aP85 | ||
| 526 | _aP77 | ||
| 526 | _aP76 | ||
| 526 | _aP35 | ||
| 600 | 0 |
_aJesucristo _xHistoria de las doctrinas _yIglesia primitiva, ca. 30-600 |
|
| 630 |
_aBiblia _pN.T. _xTeología |
||
| 942 |
_2ddc _cBOOK |
||
| 949 |
_a232.09015 D16 _i40375 _lPOSTGRADO _mBUL _tLIBRO _o.STAFF. Posgrado |
||
| 859 |
_q40375 _h232.09015 _iD16 |
||
| 596 | _a1 | ||
| 999 |
_a232.09015 D16 _wDEWEY _c58181 _i40375 _f2021-11-11 _g5 _lCCODEBUL1 _mBUL _r0 _sY _tBOOK _u2015-6-16 _xTEOLOGIA _zUNKNOWN _0COMPRA _o.STAFF. Colección General _d58181 |
||
| 980 |
_81 _gALBERTO SANCHEZ Responsable de Automatización |
||